Nommer les plus grands villages de l'île d'Oléron - Statistiques

Statistiques générales
  • Ce quiz a été pris 16 fois
  • Le résultat moyen est 4 sur 8
Statistiques - réponses
Réponse % Correct
Saint-Pierre-d'Oléron
93%
Le Chateau-d'Oléron
86%
Dolus-d'Oléron
71%
Saint-Denis-d'Oléron
43%
La Brée-Les-Bains
36%
Le Grand-Village-Plage
36%
Saint-Trojan-Les-Bains
36%
Saint-Georges-d'Oléron
29%
Aucun quiz correspondant
Distribution des résultats
% des personnes avec chaque résultat
Percentile par nombre de réponses
Votre historique - résultats
Vous n’avez pas pris ce quiz